Vender con margen (Registro nro. 325162)
[ vista simple ]
| 000 -ENCABEZADO | |
|---|---|
| Número de control [NR] | 00891nam a22002297a 4500 |
| 005 - FECHA Y HORA DE LA ÚLTIMA TRANSACCIÓN | |
| control field | 20250213073936.0 |
| 008 - DE LONGITUD FIJA DE DATOS DE ELEMENTOS - INFORMACIÓN GENERAL | |
| Elementos de longitud fija [NR] | 250213t ||||| |||| 00| 0 spa d |
| 020 ## - NUMERO INTERNACIONAL NORMALIZADO PARA LIBROS [R] | |
| Número Internacional Normalizado del libro [NR] | 9789585030503 |
| 020 ## - NUMERO INTERNACIONAL NORMALIZADO PARA LIBROS [R] | |
| Número Internacional Normalizado del libro [NR] | 9789585030510 |
| 040 ## - FUENTE DE CATALOGACION [NR] | |
| Agencia de catalogación original [NR] | CO-BoUCM |
| Quien Cataloga | David Moreno |
| Quien Clasifica | David Moreno |
| 041 ## - CODIGO DE IDIOMA [R] | |
| Código de idioma para texto/pista de sonido o título separado [R] | Español |
| 100 1# - ASIENTO PRINCIPAL--NOMBRE PERSONAL [NR] | |
| Nombre personal [NR] | López, Francisco M. |
| Fechas asociadas con el nombre [NR] | 1960- |
| ID Autoridad | 184335 |
| 245 10 - MENCION DE TITULO [NR] | |
| Título [NR] | Vender con margen |
| Parte restante del título [NR] | priorizar el benefecio sobre el crecimiento |
| Mención de responsabilidad, etc. [NR] | Francisco M. López |
| 250 ## - MENCION DE EDICION [NR] | |
| Mención de edición [NR] | 1a. Ed |
| 260 ## - PUBLICACION, DISTRIBUCION, ETC. (PIE DE IMPRENTA) [R] | |
| Lugar de publicación, distribución, etc. [R] | Bogotá, Colombia |
| -- | Barcelona, España |
| Nombre del editor, distribuidor, etc. [R] | Ecoe ediciones |
| -- | Libros de cabecera |
| Fecha de publicación, distribución, etc. [R] | 2021 |
| 300 ## - DESCRIPCION FISICA [R] | |
| Extensión [R] | 259 Paginas |
| 490 ## - MENCION DE SERIE [R] | |
| Mención de serie [R] | Ciencias empresariales. Mercadeo y ventas |
| 650 14 - ASIENTO SECUNDARIO DE MATERIA - TERMINO TEMATICO [R] | |
| Término temático o nombre geográfico como elemento de entrada [NR] | Vendedores y arte de vender |
| Subdivisión general [R] | Estrategias de venta |
| 9 (RLIN) | 184336 |
| 650 14 - ASIENTO SECUNDARIO DE MATERIA - TERMINO TEMATICO [R] | |
| Término temático o nombre geográfico como elemento de entrada [NR] | Pronostico de ventas |
| Subdivisión general [R] | Planificación estratégica |
| 9 (RLIN) | 184337 |
| 942 ## - ELEMENTOS DE ENTRADA AGREGADOS (KOHA) | |
| Sistema de clasificación | DEWEY |
| Tema principal | Administración |
| Tipo de ítem principal el descrito en 300a | Libro |
| Edición | 1 |
| Clasificación | 658.81 |
| Parte restante de la signatura top. | L925v |
| Título oculto en OPAC | No |
| Fecha de último préstamo | Total préstamos | Total Renewals | Signatura topográfica | Código de barras | Prestado | Última vez visto | Ejemplar | Price effective from | Tipo de ítem | Perdido | Sistema de clasificación | Dañado | No prestable | Tipo de ítem específico | Suprimido | Ubicación habitual | Ubicación actual | Localización | Fecha de creación | Forma de adquisición | Costo |
|---|---|---|---|---|---|---|---|---|---|---|---|---|---|---|---|---|---|---|---|---|---|
| 29/05/2026 | 3 | 2 | 658.81 L925v | 100173581 | 21/07/2026 | 29/05/2026 | Ej.1 | 13/02/2025 | Libro | DEWEY | Libro | Sede del emprendimiento y la innovación | Sede del Emprendimiento, Innovación y Creación | 1er piso | 13/02/2025 | Donación | 26000.00 |